Southville International School and Colleges
Your cart is empty.
  • Cart
  • Lists
    Public lists Eva Luna New books Lux_list list_1
    Your lists Log in to create your own lists
  • Log in to your account
  • Your cookies
  • Search history
Southville International School and Colleges
  • Advanced search
  • Recent comments
  • Most popular
  • Libraries

Log in to your account

Log in with GOOGLE


If you do not have an external account, but do have a local account, you can still log in:

  1. Home
  2. MARC view: The folk of the fringe /
Normal view MARC view ISBD view

The folk of the fringe / (Record no. 21454)

[ view plain ]
MARC details
000 -LEADER
fixed length control field 00452nam a2200169 a 4500
005 - DATE AND TIME OF LATEST TRANSACTION
control field 20140310183323.0
008 - FIXED-LENGTH DATA ELEMENTS--GENERAL INFORMATION
fixed length control field 060309s19uu xx 00 eng d
020 ## - INTERNATIONAL STANDARD BOOK NUMBER
International Standard Book Number 0099734400
050 ## - LIBRARY OF CONGRESS CALL NUMBER
Classification number PS 3553
Item number .C266 1990
100 ## - MAIN ENTRY--PERSONAL NAME
Personal name Card, Orson Scott
245 ## - TITLE STATEMENT
Title The folk of the fringe /
Statement of responsibility, etc Orson Scott Card.
260 ## - PUBLICATION, DISTRIBUTION, ETC. (IMPRINT)
Place of publication, distribution, etc London :
Name of publisher, distributor, etc Arrow Books Limited,
Date of publication, distribution, etc 1990.
300 ## - PHYSICAL DESCRIPTION
Extent 301 p. :
Dimensions 18 cm.
650 ## - SUBJECT ADDED ENTRY--TOPICAL TERM
Topical term or geographic name as entry element Fiction
942 ## - ADDED ENTRY ELEMENTS (KOHA)
Koha item type Books
Source of classification or shelving scheme Library of Congress Classification
Holdings
Withdrawn status Lost status Source of classification or shelving scheme Damaged status Home library Current library Shelving location Date acquired Total Checkouts Total Renewals Full call number Barcode Date last seen Date checked out Copy number Price effective from Koha item type
    Library of Congress Classification   College Library College Library Fiction Section 03/09/2006 1 3 PS 3553 .C266 1990 C6939 05/08/2018 08/13/2014 1 10/10/2013 Books

The folk of the fringe /

APA

Card O. S., . (1990). The folk of the fringe. London: Arrow Books Limited.

Chicago

Card Orson Scott, . 1990. The folk of the fringe. London: Arrow Books Limited.

Harvard

Card O. S., . (1990). The folk of the fringe. London: Arrow Books Limited.

MLA

Card Orson Scott, . The folk of the fringe. London: Arrow Books Limited. 1990.

  • Place hold
  • Print
  • Cite
  • Add to your cart (remove)
  • Save record
    BIBTEX Dublin Core MARCXML MARC (non-Unicode/MARC-8) MARC (Unicode/UTF-8) MARC (Unicode/UTF-8, Standard) MODS (XML) RIS
  • More searches
    Search for this title in:
    Other Libraries (WorldCat) Other Databases (Google Scholar) Online Stores (Bookfinder.com) Open Library (openlibrary.org)

Exporting to Dublin Core...

SOUTHVILLE LIBRARY

Southville International School and Colleges Library

1281 Tropical Ave. Cor. Luxembourg St., BF Homes International, Las Pinas City

Tel. No. 8256374 / 252358 Loc. 117/146

Powered by Koha